| 000 | 005140000a22001570004500 | ||
|---|---|---|---|
| 020 | _a84-7057-241-5 | ||
| 041 | 0 | _aSPA | |
| 082 | 0 | 4 | _aR 221.3 J541d |
| 245 | 1 | 0 | _aDiccionario teológico manual del Antiguo Testamento / Ernst Jenni, Editor ; J. Antonio Mugica, Traductor. |
| 260 | _aMadrid, España : Cristiandad | ||
| 300 | _a1274 Pag. | ||
| 500 | _aTítulo original : Theologisches Handwörterbuch zum Alten Testament | ||
| 650 | 1 | 4 | _aBIBLIA. A.T. \ TEOLOGIA - DICCIONARIOS \ HEBREO |
| 001 | 150 | ||
| 942 | _cBK | ||
| 999 |
_c31688 _d31688 |
||